000 00725cam a2200193 i 4500
005 20251230113858.0
008 250721s1993 su gr 000 0 ara d
020 _a9960317374
082 1 4 _a219
_bع ق ي
100 1 _aالعقيلي، أحمد محمد
_eمؤلف.
245 1 2 _aالأثر والدلالات الإعلامية لرسائل النبي صلى الله عليه وسلم إلى الملوك والقادة /
_cأحمد محمد العقيلي.
250 _aالطبعة الثانية.
264 3 1 _aالرياض :
_c1993.
_bالمؤلف،
300 _a284 صفحة.
650 1 7 _aرسائل النبي.
650 1 7 _aالسيرة النبوية.
942 _2ddc
_cBK
999 _c54507
_d54507